000 00871cai a22001815a 4500
001 E146982
008 090319u xxk g 000 0 eng d
035 _a(Sirsi) u146982
041 0 _aeng
110 2 _aArchitecture and Design Scotland
_95714
245 0 0 _aA+DS healthcare design programme
_h[electronic resource]
520 _aSection of the website of Architecture and Design Scotland (A+DS) which focuses on a three-year initiative with the Scottish Government Health Directorate to improve standards of design in NHS Scotland health facilities. Includes links to healthcare design publications
590 _aKA
651 4 _aScotland
_y1999-
690 _aPROPERTY-OTHER PROPERTY TYPES-HEALTHCARE AND WELFARE PROPERTY
856 4 0 _uhttps://www.ads.org.uk/what_we_do/enabling/enabling_healthcare
_zView the website free of charge at www.ads.org.uk...
942 _n0
999 _c120778
_d120778